The selected poems of Emily Dickinson / (Record no. 9619)

MARC details
000 -LEADER
fixed length control field 01322nam a22002417a 4500
001 - CONTROL NUMBER
control field 9619
003 - CONTROL NUMBER IDENTIFIER
control field FISKH
005 - DATE AND TIME OF LATEST TRANSACTION
control field 20260126115310.0
008 - FIXED-LENGTH DATA ELEMENTS--GENERAL INFORMATION
fixed length control field 260126b cb ||||| |||| 00| 0 eng d
020 ## - INTERNATIONAL STANDARD BOOK NUMBER
International Standard Book Number 9781853264191
040 ## - CATALOGING SOURCE
Original cataloging agency FISKH
Language of cataloging eng
Transcribing agency FISKH
Modifying agency FISKH
050 ## - LIBRARY OF CONGRESS CALL NUMBER
Classification number PS1541
082 ## - DEWEY DECIMAL CLASSIFICATION NUMBER
Classification number 811
100 ## - MAIN ENTRY--PERSONAL NAME
Personal name Dickinson, Emily
Relator term Author
245 ## - TITLE STATEMENT
Title The selected poems of Emily Dickinson /
Statement of responsibility, etc. With an introduction by Emma Hartnoll
260 ## - PUBLICATION, DISTRIBUTION, ETC.
Place of publication, distribution, etc. Ware :
Name of publisher, distributor, etc. Wordsworth Editions Ltd ,
Date of publication, distribution, etc. 1994
300 ## - PHYSICAL DESCRIPTION
Extent 214 pages :
Dimensions 20 cm
520 ## - SUMMARY, ETC.
Summary, etc. With an Introduction by Emma Hartnoll. Initially a vivacious, outgoing person, Emily Dickinson (1830-1886) progressively withdrew into a reclusive existence. An undiscovered genius during her lifetime, only seven out of her total of 1,775 poems were published prior to her death. She had an immense breadth of vision and a passionate intensity and awe for life, love, nature, time and eternity. Originally branded an eccentric, Emily Dickinson is now recognised as a major poet of great depth, startling originality and courage for as she wrote: 'Assent and you are sane; /Demure you're straightaway dangerous / And handled with a chain'.
650 ## - SUBJECT ADDED ENTRY--TOPICAL TERM
Topical term or geographic name entry element American literature
Form subdivision American poetry
650 ## - SUBJECT ADDED ENTRY--TOPICAL TERM
Topical term or geographic name entry element English poetry
Form subdivision Classical literature
942 ## - ADDED ENTRY ELEMENTS (KOHA)
Source of classification or shelving scheme Dewey Decimal Classification
Koha item type Books
Suppress in OPAC No
Holdings
Withdrawn status Lost status Source of classification or shelving scheme Damaged status Not for loan Collection Home library Current library Shelving location Date acquired Total Checkouts Full call number Barcode Date last seen Copy number Price effective from Koha item type
    Dewey Decimal Classification     Fiction Footprints International School Library Network Toul Tom Poung Campus Footprints International School Library Network Toul Tom Poung Campus TTP Secondary Fiction Bookshelves 01/26/2026   DIC 811 PS1541 2026-0135 01/26/2026 1 01/26/2026 Books